Исследования в области технологии образования резьб, резьбообразующих инструментов, станков и методов контроля резьб: сборник научных трудов

Bibliographic Details
Corporate Author: Тульский политехнический институт (570)
Language:Russian
Published: Тула, Изд-во Тульского политехнического ин-та, 1979
Subjects:
Format: Book
KOHA link:https://koha.lib.tpu.ru/cgi-bin/koha/opac-detail.pl?biblionumber=679768

MARC

LEADER 00000nam0a2200000 4500
001 679768
005 20250418135635.0
090 |a 679768 
100 |a 20250418d1979 k||y0rusy50 ca 
101 0 |a rus 
102 |a RU 
105 |a a z 001yy 
181 0 |a i   |b  e  
182 0 |a n 
183 0 |a nc  |2 RDAcarrier 
200 1 |a Исследования в области технологии образования резьб, резьбообразующих инструментов, станков и методов контроля резьб  |e сборник научных трудов  |f Тульский политехнический институт 
203 |a Текст  |b визуальный  |c непосредственный 
210 |a Тула  |c Изд-во Тульского политехнического ин-та  |d 1979 
215 |a 158 с.  |c ил. 
283 |a volume  |2 RDAcarrier 
320 |a библиография в конце статей 
606 |a Резьба  |x Технический контроль  |9 49056 
610 1 |a прецизионные резьбы 
610 1 |a резьбонарезная головка 
610 1 |a кольцевая резьба 
610 1 |a ленточные резьбы 
610 1 |a винтовой выступ 
675 |a 621.99  |v 4 
712 0 2 |a Тульский политехнический институт  |c (1963-1992)  |4 570  |9 23322 
801 0 |a RU  |b 63413507  |c 20250418 
830 |a Ретро2025Каталогизация Мотырева 
850 |a 63413507 
942 |c BK